National bibliography of research theses: (Record no. 541875)

000 -LEADER
fixed length control field 00676nam a2200193Ia 4500
020 ## - INTERNATIONAL STANDARD BOOK NUMBER
International Standard Book Number 9694170648(pbk)
082 ## - DEWEY DECIMAL CLASSIFICATION NUMBER
Classification number 015.5491075
Author Mark MAH
-- N-01,P79
245 ## - TITLE STATEMENT
Title National bibliography of research theses:
Remainder of title submitted to the universities of Pakistan
260 ## - PUBLICATION, DISTRIBUTION, ETC.
Place of publication, distribution, etc. Islamabad:
Name of publisher, distributor, etc. University Grants Commission,
Date of publication, distribution, etc. 2000
300 ## - PHYSICAL DESCRIPTION
Extent 442p.
526 ## - STUDY PROGRAM INFORMATION NOTE
Program name 0
Interest level 0
Reading level 0
Title point value 015_549107500000000_MAH
526 ## - STUDY PROGRAM INFORMATION NOTE
Program name 0
Interest level 0
Reading level 0
Title point value 015_549107500000000_MAH
526 ## - STUDY PROGRAM INFORMATION NOTE
Program name 0
Interest level 0
Reading level 0
Title point value 015_549107500000000_MAH
650 ## - SUBJECT ADDED ENTRY--TOPICAL TERM
Topical term or geographic name entry element Dissertations- Academic -- Bibliography
9 (RLIN) 36944
650 ## - SUBJECT ADDED ENTRY--TOPICAL TERM
Topical term or geographic name entry element NUST
9 (RLIN) 6342
650 ## - SUBJECT ADDED ENTRY--TOPICAL TERM
Topical term or geographic name entry element Research -- Pakistani Universities
9 (RLIN) 36945
700 ## - ADDED ENTRY--PERSONAL NAME
Personal name Shahid Mahmood
9 (RLIN) 20956
942 ## - ADDED ENTRY ELEMENTS (KOHA)
Source of classification or shelving scheme
Koha item type Book
Holdings
Withdrawn status Lost status Source of classification or shelving scheme Damaged status Not for loan Permanent Location Current Location Date acquired Total Checkouts Full call number Barcode Date last seen Price effective from Koha item type
          Military College of Engineering (MCE) Military College of Engineering (MCE) 09/05/2013   015.5491075 MAH MCE-34794 09/05/2013 03/14/2021 Book
          Military College of Engineering (MCE) Military College of Engineering (MCE) 09/05/2013   015.5491075 MAH MCE-34795 09/05/2013 03/14/2021 Book
          Military College of Engineering (MCE) Military College of Engineering (MCE) 09/05/2013   015.5491075 MAH MCE-34763 09/05/2013 03/14/2021 Book
© 2023 Central Library, National University of Sciences and Technology. All Rights Reserved.